UBT Library

Financial accounting / (Record no. 40944)

000 -LEADER
fixed length control field 00749cam a22002654a 4500
001 - CONTROL NUMBER
control field 13348675
005 - DATE AND TIME OF LATEST TRANSACTION
control field 20180125073142.0
008 - FIXED-LENGTH DATA ELEMENTS--GENERAL INFORMATION
fixed length control field 030922s2005 ohua b 001 0 eng
010 ## - LIBRARY OF CONGRESS CONTROL NUMBER
LC control number 2003113097
020 ## - INTERNATIONAL STANDARD BOOK NUMBER
International Standard Book Number 0324206747 (hbk.)
020 ## - INTERNATIONAL STANDARD BOOK NUMBER
International Standard Book Number 0324225253 (intl. student ed.)
035 ## - SYSTEM CONTROL NUMBER
System control number (DLC) 2003113097
040 ## - CATALOGING SOURCE
Original cataloging agency DLC
Transcribing agency DLC
Modifying agency DLC
041 ## - LANGUAGE CODE
Language code of text/sound track or separate title eng
042 ## - AUTHENTICATION CODE
Authentication code pcc
080 ## - UNIVERSAL DECIMAL CLASSIFICATION NUMBER
Universal Decimal Classification number 657 jame
082 00 - DEWEY DECIMAL CLASSIFICATION NUMBER
Classification number 657 jame
Edition number 22
100 ## - Rafti
Rafti 62
101 ## - Shkurtesa
Shkurtesa kon
245 00 - TITLE STATEMENT
Title Financial accounting /
Statement of responsibility, etc W. Steve Albrecht ... [et al.].
504 ## - BIBLIOGRAPHY, ETC. NOTE
Bibliography, etc Includes bibliographical references and index.
906 ## - LOCAL DATA ELEMENT F, LDF (RLIN)
a 7
b cbc
c orignew
d 2
e epcn
f 20
g y-gencatlg
942 ## - ADDED ENTRY ELEMENTS (KOHA)
Source of classification or shelving scheme
Item type Books
Holdings
Withdrawn status Lost status Source of classification or shelving scheme Damaged status Not for loan Collection code Permanent location Current location Shelving location Date acquired Total Checkouts Full call number Barcode Date last seen Price effective from Koha item type
          Koleksioni i përgjithshem UBT - Lipjan UBT - Lipjan Koleksioni i përgjithshem 01/25/2018   657 jame 002-2996580 01/25/2018 01/25/2018 Books
UBT Library © 2015-2024. All rights reserved University Education for Business and Technology